000
00209 a2200097 4500
001
21507
100
_a
Churchill, W D
245
_a
The second world war no.10
260
_a
_b
Cassell
_c
090
_c
15132
_d
15132
942
_a
NUST-CAE
_c
M
_c
5706
999
_c
256580
_d
256580